Biblioteka Instytutu Północnego w Olsztynie

Widok standardowy Widok MARC

Pozycja Personal Name

Liczba rekordów, w których użyto hasła: 1

001 - Numer kontrolny

  • control field: 39495

003 - Identyfikator numeru kontrolnego

  • control field: NUKAT

005 - Data i czas ostatniej modyfikacji

  • control field: 20260407111330.0

008 - Dane kontrolne kodowane (40 znaków)

  • fixed length control field: 961120n||a|znnaabn |a aaa |c

010 ## - Numer kontrolny Biblioteki Kongresu

  • numer kontrolny LC: n 96210967

040 ## - Instytucja sporządzająca rekord

  • inst. przygot. dane do rek. khw: KR U/MW
  • język haseł przedmiotowych/tezaurus: kaba
  • inst. wprow. rek. khw: KR U/MW
  • inst. modyf. rek. khw: WA U/AK

043 ## - Kod obszaru geograficznego

  • ISO code: PL

046 ## - Special dates

  • Birth date: 1865
  • Death date: 1922

100 1# - Hasło - nazwa osobowa

  • nazwa osobowa w formie ujednoliconej: Narutowicz, Gabriel
  • daty biograficzne: (1865-1922).

368 ## - Other Attributes

  • Title of person: profesor

368 ## - Other Attributes

  • Title of person: Prezydent Rzeczypospolitej Polskiej.

368 ## - Other Attributes

  • Title of person: dziekan

370 ## - Associated place

  • Country: Polska.
  • Auth control #: http://nukat.edu.pl/aut/s 94110000
  • Source of term: kaba

370 ## - Associated place

  • Place of death: Warszawa (Polska).
  • Auth control #: http://nukat.edu.pl/aut/s 94114898
  • Source of term: kaba

370 ## - Associated place

  • Residence/HQ: Warszawa (Polska).
  • Auth control #: http://nukat.edu.pl/aut/s 94114898
  • Source of term: kaba

370 ## - Associated place

  • Other assoc. place: Zurych (Szwajcaria).
  • Auth control #: http://nukat.edu.pl/aut/s 96012529
  • Source of term: kaba

372 ## - Field of activity

  • Field: Hydrotechnika.
  • Auth control #: http://nukat.edu.pl/aut/s 95010255
  • Source of term: kaba

373 ## - Associated Group

  • Associated group: Komitet Generalny Pomocy Ofiarom Wojny w Polsce.
  • Auth control #: http://nukat.edu.pl/aut/n 2006051418

373 ## - Associated Group

  • Associated group: Eidgenössische Technische Hochschule (Zurych).
  • Auth control #: http://nukat.edu.pl/aut/n 97080094

374 ## - Occupation

  • Occupation: Ministrowie.
  • Auth control #: http://nukat.edu.pl/aut/s 00080182
  • Source of term: kaba

374 ## - Occupation

  • Occupation: Prezydenci.
  • Auth control #: http://nukat.edu.pl/aut/s 98053057
  • Source of term: kaba

374 ## - Occupation

  • Occupation: Inżynierowie.
  • Auth control #: http://nukat.edu.pl/aut/s 97050733
  • Source of term: kaba

670 ## - Źródło informacji

  • źródło informacji: EPop

670 ## - Źródło informacji

  • źródło informacji: Kp. Eligjusz Niewiadomski przed sądem. - Białystok, 1923.

670 ## - Źródło informacji

  • źródło informacji: BNF NA'1999
  • gdzie znaleziono informację: (Narutowicz, Gabriel (1865-1922))
Biblioteka Instytutu Północnego, ul. Partyzantów 87, 10-402 Olsztyn, email: biblioteka(at)ip.olsztyn.pl